[Event "DSOL 02 Liga Gr-A 1st"]
[Site "Playchess.com INT"]
[Date "2020.06.22"]
[Round "1.2"]
[White "Bohnhoff, Peter"]
[Black "Hackbusch, Thomas"]
[Result "1-0"]
[WhiteElo "2078"]
[BlackElo "1839"]
[PlyCount "91"]
[EventDate "2020.06.22"]
[EventType "team-tourn (rapid)"]
[EventCountry "GER"]
[SourceTitle "EXT 2021"]
[Source "ChessBase"]
[SourceDate "2020.10.23"]
[SourceVersion "1"]
[SourceVersionDate "2020.10.23"]
[SourceQuality "1"]
[WhiteTeam "Altstadt Roter Turm"]
[BlackTeam "Porz SG II"]
[WhiteTeamCountry "GER"]
[BlackTeamCountry "GER"]

1. d4 Nf6 2. Nf3 g6 3. c4 Bg7 4. Nc3 d6 5. Bg5 0-0 6. e3 c5 7. Be2 Bg4 8. h3 Bxf3 9. Bxf3 Nc6 10. 0-0 cxd4 11. exd4 Re8 12. Qd2 Rc8 13. b3 a6 14. Rad1 Qa5 15. Be3 e6 16. g3 Red8 17. d5 Ne5 18. Bg2 exd5 19. Nxd5 Qxd2 20. Rxd2 Nxd5 21. Bxd5 b5 22. f4 Nc6 23. Rfd1 Bc3 24. Rc2 b4 25. Bxc6 Rxc6 26. Bd4 Bxd4+ 27. Rxd4 Kf8 28. Rcd2 Ke7 29. Rd5 Rc5 30. f5 gxf5 31. Kf2 Rxd5 32. Rxd5 Ke6 33. Kf3 Rc8 34. Ra5 Rc6 35. Kf4 Rc5 36. Rxa6 Re5 37. Rb6 Re4+ 38. Kf3 Ke5 39. Rxb4 h5 40. Rb5+ Kf6 41. a4 Rd4 42. a5 h4 43. a6 Rd3+ 44. Kf2 hxg3+ 45. Kg2 Rd1 46. Ra5 1-0

[Event "Mittelrhein Regionalliga 1920"]
[Site "Mittelrhein"]
[Date "2019.12.08"]
[Round "4.8"]
[White "Hackbusch, Thomas"]
[Black "Weyer, Hans Juergen"]
[Result "1/2-1/2"]
[WhiteElo "1840"]
[BlackElo "1851"]
[PlyCount "50"]
[EventDate "2019.09.29"]
[EventType "team-tourn"]
[EventRounds "9"]
[EventCountry "GER"]
[SourceTitle "EXT 2023"]
[Source "ChessBase"]
[SourceDate "2022.10.05"]
[SourceVersion "1"]
[SourceVersionDate "2022.10.05"]
[SourceQuality "1"]
[WhiteTeam "Koeln Porz III"]
[BlackTeam "Herzogenrath"]
[WhiteTeamCountry "GER"]
[BlackTeamCountry "GER"]

1. d4 d5 2. Nf3 Nf6 3. c4 e6 4. Nc3 Be7 5. Bg5 0-0 6. e3 h6 7. Bh4 b6 8. cxd5 Nxd5 9. Bg3 Bb7 10. Bd3 Nd7 11. 0-0 c5 12. Rc1 N7f6 13. Bb1 Rc8 14. Qe2 cxd4 15. exd4 a6 16. Rfd1 Nxc3 17. Rxc3 Rxc3 18. bxc3 b5 19. Ne5 Qa5 20. c4 bxc4 21. Nxc4 Qd5 22. Ne3 Qd7 23. Be5 Rd8 24. Qb2 Rc8 25. Bd3 Qc6 1/2-1/2

[Event "Mittelrhein Regionalliga 1920"]
[Site "Mittelrhein"]
[Date "2019.10.27"]
[Round "2.7"]
[White "Hess, Dennis"]
[Black "Hackbusch, Thomas"]
[Result "1-0"]
[WhiteElo "1893"]
[BlackElo "1840"]
[PlyCount "89"]
[EventDate "2019.09.29"]
[EventType "team-tourn"]
[EventRounds "9"]
[EventCountry "GER"]
[SourceTitle "EXT 2023"]
[Source "ChessBase"]
[SourceDate "2022.10.05"]
[SourceVersion "1"]
[SourceVersionDate "2022.10.05"]
[SourceQuality "1"]
[WhiteTeam "Langenfeld II"]
[BlackTeam "Koeln Porz III"]
[WhiteTeamCountry "GER"]
[BlackTeamCountry "GER"]

1. e4 d6 2. d4 Nf6 3. f3 g6 4. c4 Bg7 5. Nc3 0-0 6. Be3 e5 7. d5 Nh5 8. g4 Nf4 9. Qd2 f5 10. gxf5 gxf5 11. Bxf4 exf4 12. 0-0-0 fxe4 13. Nxe4 Qh4 14. Ne2 Nd7 15. Nd4 Ne5 16. Qg2 h6 17. Rg1 Rf7 18. c5 Qe7 19. cxd6 cxd6 20. Nb5 Bf5 21. Nbxd6 Qc7+ 22. Kd2 Qa5+ 23. Nc3 Qc7 24. Nxf7 Qxf7 25. Qxg7+ Qxg7 26. Rxg7+ Kxg7 27. Be2 Rd8 28. Ke1 Kf7 29. Kf2 a6 30. Rd4 Ng6 31. Bc4 Kf6 32. Bd3 Bxd3 33. Rxd3 Ke5 34. Rd2 Rd7 35. Re2+ Kd4 36. Re6 Ne7 37. d6 Nf5 38. Ne4 Kd5 39. Rg6 Kc6 40. Rf6 Nxd6 41. Rxh6 Kd5 42. Rxd6+ Rxd6 43. Nxd6 Kxd6 44. h4 Ke5 45. Ke2 1-0

[Event "Mittelrhein Verbandsliga-S 18/19"]
[Site "Nordrheinwestfalen"]
[Date "2019.05.19"]
[Round "11.8"]
[White "Hackbusch, Thomas"]
[Black "Mueller, Andreas2"]
[Result "1/2-1/2"]
[WhiteElo "1844"]
[BlackElo "1791"]
[PlyCount "56"]
[EventDate "2018.09.02"]
[EventType "team-tourn"]
[EventRounds "11"]
[EventCountry "GER"]
[SourceTitle "EXT 2022"]
[Source "ChessBase"]
[SourceDate "2021.10.06"]
[SourceVersion "1"]
[SourceVersionDate "2021.10.06"]
[SourceQuality "1"]
[WhiteTeam "Porz SG IV"]
[BlackTeam "Bergische SF II"]
[WhiteTeamCountry "GER"]
[BlackTeamCountry "GER"]

1. d4 e6 2. Nf3 d5 3. c4 Nf6 4. Nc3 Be7 5. Bg5 h6 6. Bh4 0-0 7. e3 b6 8. cxd5 Nxd5 9. Bg3 Nxc3 10. bxc3 c5 11. Bd3 Bb7 12. 0-0 Nd7 13. Qe2 Nf6 14. Rfd1 cxd4 15. exd4 Re8 16. Rac1 Qd5 17. Be5 Rac8 18. c4 Qa5 19. Rb1 Ba6 20. Nd2 Qa4 21. Rdc1 Qd7 22. Rb3 Red8 23. Rc2 Qc6 24. Rbc3 Bb7 25. f3 Bb4 26. Rb3 Bxd2 27. Rxd2 Ne8 28. Rc3 Nd6 1/2-1/2

[Event "Mittelrhein Verbandsliga-S 18/19"]
[Site "Nordrheinwestfalen"]
[Date "2019.01.20"]
[Round "6.6"]
[White "Jonas, Rainer"]
[Black "Hackbusch, Thomas"]
[Result "1/2-1/2"]
[WhiteElo "1797"]
[BlackElo "1844"]
[PlyCount "60"]
[EventDate "2018.09.02"]
[EventType "team-tourn"]
[EventRounds "11"]
[EventCountry "GER"]
[SourceTitle "EXT 2022"]
[Source "ChessBase"]
[SourceDate "2021.10.06"]
[SourceVersion "1"]
[SourceVersionDate "2021.10.06"]
[SourceQuality "1"]
[WhiteTeam "Rheinbacher SF"]
[BlackTeam "Porz SG IV"]
[WhiteTeamCountry "GER"]
[BlackTeamCountry "GER"]

1. d4 Nf6 2. Nf3 g6 3. Nc3 d5 4. Bf4 c6 5. h3 Bg7 6. Qd2 Bf5 7. Ne5 Nbd7 8. g4 Be6 9. f3 Qa5 10. Ne4 Qxd2+ 11. Nxd2 Nb6 12. e3 Nfd7 13. 0-0-0 f6 14. Nxd7 Nxd7 15. Bd3 0-0-0 16. Kb1 Bf7 17. c4 e5 18. Bg3 Nb6 19. cxd5 Nxd5 20. Bc4 Rhf8 21. Rhe1 Rd7 22. Ne4 b6 23. dxe5 fxe5 24. Ng5 Bg8 25. f4 h6 26. Ne4 exf4 27. exf4 Kb7 28. Bxd5 Bxd5 29. Nc3 Bxc3 30. bxc3 Rfd8 1/2-1/2

[Event "Mittelrhein Verbandsliga-S 18/19"]
[Site "Nordrheinwestfalen"]
[Date "2018.11.18"]
[Round "4.7"]
[White "Hackbusch, Thomas"]
[Black "Hennig, Edgar Paul"]
[Result "1/2-1/2"]
[WhiteElo "1844"]
[BlackElo "1874"]
[PlyCount "41"]
[EventDate "2018.09.02"]
[EventType "team-tourn"]
[EventRounds "11"]
[EventCountry "GER"]
[SourceTitle "EXT 2022"]
[Source "ChessBase"]
[SourceDate "2021.10.06"]
[SourceVersion "1"]
[SourceVersionDate "2021.10.06"]
[SourceQuality "1"]
[WhiteTeam "Porz SG IV"]
[BlackTeam "Satranc Club"]
[WhiteTeamCountry "GER"]
[BlackTeamCountry "GER"]

1. d4 d5 2. Nf3 e6 3. c4 Nf6 4. Nc3 c6 5. e3 Be7 6. Bd3 Nbd7 7. 0-0 0-0 8. Qe2 Re8 9. e4 dxe4 10. Nxe4 Nxe4 11. Bxe4 Nf6 12. Bc2 c5 13. Rd1 Qc7 14. Bg5 cxd4 15. Nxd4 a6 16. Rac1 e5 17. Nf5 Bxf5 18. Bxf5 Rad8 19. Bxf6 Bxf6 20. Be4 Rxd1+ 21. Rxd1 1/2-1/2

[Event "Mittelrhein Verbandsliga-S 17/18"]
[Site "Nordrheinwestfalen"]
[Date "2018.03.18"]
[Round "9.6"]
[White "Hackbusch, Thomas"]
[Black "Jonas, Rainer"]
[Result "1-0"]
[WhiteElo "1864"]
[BlackElo "1799"]
[PlyCount "109"]
[EventDate "2017.09.10"]
[EventType "team-tourn"]
[EventRounds "11"]
[EventCountry "GER"]
[SourceTitle "EXT 2022"]
[Source "ChessBase"]
[SourceDate "2021.10.06"]
[SourceVersion "1"]
[SourceVersionDate "2021.10.06"]
[SourceQuality "1"]
[WhiteTeam "Porz SG III"]
[BlackTeam "Rheinbacher SF"]
[WhiteTeamCountry "GER"]
[BlackTeamCountry "GER"]

1. d4 Nf6 2. Nf3 g6 3. c4 Bg7 4. Nc3 d6 5. Bg5 0-0 6. e3 h6 7. Bh4 g5 8. Bg3 Bf5 9. Bd3 Bxd3 10. Qxd3 c6 11. h3 Na6 12. a3 Nc7 13. 0-0 Rc8 14. Rfd1 d5 15. c5 Qe8 16. b4 Nd7 17. Ne5 Nxe5 18. dxe5 f5 19. f4 Ne6 20. Ne2 Qg6 21. Rab1 a6 22. a4 Kh7 23. Rb3 h5 24. Nd4 Bh6 25. Nxe6 Qxe6 26. Rf1 Kh8 27. fxg5 Bxg5 28. Bf4 Rg8 29. Rb2 Rcf8 30. Qd4 Kh7 31. b5 axb5 32. axb5 Rg6 33. bxc6 bxc6 34. Rff2 Bh4 35. Rfe2 Ra8 36. Ra2 Qc8 37. Reb2 Rxa2 38. Rxa2 Rg7 39. Qd1 Qe8 40. Kf1 Qg6 41. Qf3 e6 42. Ra6 Rc7 43. Qd1 Be7 44. Qa4 Qe8 45. Qa5 Qb8 46. Rb6 Qc8 47. Kg1 Kg6 48. Ra6 Rb7 49. Ra8 Rb1+ 50. Kh2 Qb7 51. Ra7 Qb3 52. Rxe7 Qd1 53. Rxe6+ Kf7 54. Rf6+ Ke8 55. Qa8+ 1-0

[Event "Mittelrhein Regionalliga 16/17"]
[Site "Nordrheinwestfalen"]
[Date "2017.04.30"]
[Round "11.8"]
[White "Pragua, Christoph P"]
[Black "Hackbusch, Thomas"]
[Result "1-0"]
[WhiteElo "2024"]
[BlackElo "1901"]
[PlyCount "107"]
[EventDate "2016.09.11"]
[EventType "team-tourn"]
[EventRounds "11"]
[EventCountry "GER"]
[SourceTitle "EXT 2022"]
[Source "ChessBase"]
[SourceDate "2021.10.06"]
[SourceVersion "1"]
[SourceVersionDate "2021.10.06"]
[SourceQuality "1"]
[WhiteTeam "Koeln SF II"]
[BlackTeam "Porz SG III"]
[WhiteTeamCountry "GER"]
[BlackTeamCountry "GER"]

1. d4 Nf6 2. Nf3 g6 3. c4 Bg7 4. Nc3 0-0 5. g3 d6 6. Bg2 Nbd7 7. 0-0 e5 8. e4 exd4 9. Nxd4 Re8 10. h3 Nc5 11. Re1 a5 12. Rb1 c6 13. Bf4 Nh5 14. Be3 Bf8 15. b3 Bd7 16. a3 Ng7 17. Nde2 Qc7 18. b4 axb4 19. axb4 Nce6 20. Na4 b5 21. cxb5 cxb5 22. Nb6 Rab8 23. Rc1 Qd8 24. Nd5 Be7 25. Nec3 Bf8 26. Ra1 Nh5 27. Ra7 Bg7 28. Qd3 Bc6 29. Rd1 Nf6 30. Kh2 h5 31. Nxf6+ Bxf6 32. Nd5 Bg7 33. Rc1 Ba8 34. h4 Kf8 35. f4 Bh6 36. f5 Bxe3 37. Qxe3 Bxd5 38. Qh6+ Kg8 39. exd5 Nf8 40. Rcc7 Qf6 41. fxg6 Nxg6 42. Qxh5 Ne5 43. Qd1 Qf5 44. Qd2 Rbc8 45. Qg5+ Qxg5 46. hxg5 Rxc7 47. Rxc7 Rb8 48. g6 Nxg6 49. Rc6 Ne5 50. Rxd6 Nd3 51. Rc6 Nxb4 52. Rc7 Nd3 53. d6 Ne5 54. d7 1-0

[Event "Mittelrhein Regionalliga 15/16"]
[Site "Nordrheinwestfalen"]
[Date "2016.04.10"]
[Round "9.6"]
[White "Hackbusch, Thomas"]
[Black "Gramb, Marius"]
[Result "1-0"]
[WhiteElo "1893"]
[BlackElo "2105"]
[PlyCount "115"]
[EventDate "2015.09.27"]
[EventType "team-tourn"]
[EventRounds "9"]
[EventCountry "GER"]
[SourceTitle "EXT 2022"]
[Source "ChessBase"]
[SourceDate "2021.10.06"]
[SourceVersion "1"]
[SourceVersionDate "2021.10.06"]
[SourceQuality "1"]
[WhiteTeam "Porz SG III"]
[BlackTeam "Bruehl"]
[WhiteTeamCountry "GER"]
[BlackTeamCountry "GER"]

1. d4 Nf6 2. Nf3 c5 3. d5 e6 4. c4 exd5 5. cxd5 d6 6. Nc3 g6 7. g3 Bg7 8. Bg2 0-0 9. 0-0 Re8 10. Nd2 a6 11. a4 Nbd7 12. Nc4 Ne5 13. Na3 Rb8 14. h3 Nh5 15. e4 Qc7 16. f4 Nxg3 17. fxe5 Bxe5 18. Bf4 Nxf1 19. Qxf1 f6 20. Nc4 Bd7 21. Bxe5 fxe5 22. Qf6 Rf8 23. Qxd6 Qxd6 24. Nxd6 Kg7 25. Nc4 Rfe8 26. a5 Re7 27. Na4 Bxa4 28. Rxa4 Rd8 29. Ra3 Kf6 30. h4 h6 31. Rf3+ Kg7 32. Bh3 Rf7 33. Rxf7+ Kxf7 34. Nxe5+ Kg7 35. Nc4 g5 36. hxg5 hxg5 37. Kg2 Kf7 38. d6 Rg8 39. Bg4 Ke8 40. e5 Rf8 41. Kg3 Rf4 42. b3 Rd4 43. Bf5 Rf4 44. Bc8 Rd4 45. Bxb7 Rd3+ 46. Kg4 Rxb3 47. Bxa6 Kd7 48. Kxg5 Rb1 49. Kf5 Rf1+ 50. Ke4 Kc6 51. e6 Re1+ 52. Kf5 Rxe6 53. Bb5+ Kxb5 54. Kxe6 Kxc4 55. a6 Kb3 56. a7 c4 57. a8Q c3 58. Qa1 1-0

[Event "Mittelrhein Verbandsliga Ost 1415"]
[Site "Mittelrhein"]
[Date "2014.12.07"]
[Round "5.6"]
[White "Schade, Frederik"]
[Black "Hackbusch, Thomas"]
[Result "0-1"]
[WhiteElo "1709"]
[BlackElo "1916"]
[PlyCount "120"]
[EventDate "2014.09.07"]
[EventType "team-tourn"]
[EventRounds "11"]
[EventCountry "GER"]
[SourceTitle "EXT 2023"]
[Source "ChessBase"]
[SourceDate "2022.10.05"]
[SourceVersion "1"]
[SourceVersionDate "2022.10.05"]
[SourceQuality "1"]
[WhiteTeam "Fritzdorf"]
[BlackTeam "Koeln Porz III"]
[WhiteTeamCountry "GER"]
[BlackTeamCountry "GER"]

1. d4 Nf6 2. Bg5 g6 3. Nf3 Bg7 4. e3 c5 5. c3 cxd4 6. exd4 0-0 7. Bd3 d5 8. 0-0 Nc6 9. Qd2 Re8 10. Na3 Ne4 11. Qc1 Nxg5 12. Qxg5 a6 13. Nc2 Qd6 14. Rfe1 Be6 15. Qh4 f6 16. Re3 Bf7 17. Rae1 e5 18. dxe5 Nxe5 19. Nxe5 fxe5 20. Rh3 h6 21. Ne3 e4 22. Bc2 Re5 23. Qg3 Qe7 24. Ng4 Rg5 25. Nxh6+ Bxh6 26. Qh4 Be6 27. Qxh6 Bxh3 28. Qxh3 Rh5 29. Qg4 Qd6 30. h3 Rf8 31. Bb3 Kg7 32. Re2 Rhf5 33. Qh4 Rd8 34. Rd2 Qf6 35. Qg3 Rd7 36. Bd1 Re5 37. Bg4 Rf7 38. Qe3 g5 39. Bd1 Rfe7 40. Bb3 Qe6 41. Re2 Kg6 42. Qg3 Qf5 43. Qe3 Qf4 44. Kf1 Qxe3 45. Rxe3 Kf6 46. Bd1 R5e6 47. Ke1 Rb6 48. b3 Rc6 49. Kd2 Rd6 50. Bc2 b5 51. Re2 Rc6 52. a4 Rec7 53. Re3 b4 54. c4 dxc4 55. Rxe4 Rd6+ 56. Ke1 cxb3 57. Bxb3 a5 58. Kf1 Rc3 59. Re3 Rxe3 60. fxe3 Rd3 0-1

[Event "Mittelrhein Verbandsliga Ost 1314"]
[Site "Mittelrhein"]
[Date "2013.12.15"]
[Round "5.8"]
[White "Hackbusch, Thomas"]
[Black "Weisshuhn, Gunnar"]
[Result "1-0"]
[WhiteElo "1873"]
[BlackElo "1939"]
[PlyCount "99"]
[EventDate "2013.09.15"]
[EventType "team-tourn"]
[EventRounds "11"]
[EventCountry "GER"]
[SourceTitle "EXT 2023"]
[Source "ChessBase"]
[SourceDate "2022.10.05"]
[SourceVersion "1"]
[SourceVersionDate "2022.10.05"]
[SourceQuality "1"]
[WhiteTeam "Koeln Porz III"]
[BlackTeam "Euskirchen Turm"]
[WhiteTeamCountry "GER"]
[BlackTeamCountry "GER"]

1. d4 d5 2. Nf3 Bf5 3. c4 c6 4. Nc3 e6 5. e3 Nd7 6. Bd3 Bxd3 7. Qxd3 Ngf6 8. 0-0 Bd6 9. e4 dxe4 10. Nxe4 Nxe4 11. Qxe4 Nf6 12. Qe2 h6 13. b3 0-0 14. Bb2 Qa5 15. Ne5 Rac8 16. a3 c5 17. dxc5 Rxc5 18. Rfe1 Rc7 19. Red1 Be7 20. b4 Qa4 21. Rd4 Rfc8 22. Rc1 Nd5 23. Re1 Nf6 24. h3 Ne8 25. c5 Bf6 26. Rg4 Rd8 27. Rg3 a5 28. Nd3 Bxb2 29. Qxb2 Rcd7 30. Qc3 Qb5 31. Ree3 Kf8 32. bxa5 Nf6 33. Qb4 Qa6 34. c6+ Rd6 35. cxb7 Qa7 36. Qb5 Nd5 37. Ref3 Nc3 38. Qb2 Rc6 39. Ne5 Na4 40. Qb4+ Rcd6 41. Qxa4 Qxb7 42. Rxf7+ Qxf7 43. Nxf7 Kxf7 44. Rc3 Rd1+ 45. Kh2 R1d2 46. Rc7+ Kf6 47. Qf4+ Kg6 48. Qf7+ Kg5 49. Rc5+ Kh4 50. Qf4# 1-0

[Event "Verbandsliga Mittelrhein-Ost 1213"]
[Site "Germany"]
[Date "2012.12.02"]
[Round "5.7"]
[White "Hackbusch, Thomas"]
[Black "Weisshuhn, Gunnar"]
[Result "0-1"]
[WhiteElo "1875"]
[BlackElo "1871"]
[PlyCount "158"]
[EventDate "2012.09.09"]
[EventType "team"]
[EventRounds "11"]
[EventCountry "GER"]
[SourceTitle "EXT 2015"]
[Source "ChessBase"]
[SourceDate "2014.11.20"]
[SourceVersion "1"]
[SourceVersionDate "2014.11.20"]
[SourceQuality "1"]
[WhiteTeam "Koeln Porz III"]
[BlackTeam "Euskirchen Turm"]
[WhiteTeamCountry "GER"]
[BlackTeamCountry "GER"]

1. d4 f5 2. c4 Nf6 3. Nc3 g6 4. Nf3 Bg7 5. Bf4 d6 6. e3 0-0 7. Be2 e6 8. Qb3 a6 9. h4 h6 10. 0-0 Qe7 11. Rac1 Nbd7 12. Na4 Ne4 13. Rfd1 Kh7 14. Qa3 Rf7 15. b4 e5 16. dxe5 dxe5 17. Bh2 a5 18. c5 axb4 19. Qxb4 c6 20. Bc4 Rf8 21. Bb3 Bf6 22. Rc4 Bxh4 23. Nxh4 Qxh4 24. Rc2 Qe7 25. f3 Nef6 26. Qc3 Nd5 27. Bxd5 Rxa4 28. Bb3 Ra8 29. Bg3 Re8 30. Qc4 Nf6 31. Qd3 Be6 32. Bxe6 Qxe6 33. Qd6 Nd5 34. Qxe6 Rxe6 35. e4 Nf6 36. Rb2 Re7 37. exf5 gxf5 38. Bh4 Rf7 39. Bxf6 Rxf6 40. Rd7+ Kg6 41. Rdxb7 Re6 42. R7b6 e4 43. fxe4 fxe4 44. Kf2 Kf5 45. Ke3 Rg8 46. Rf2+ Ke5 47. Rb3 Rg3+ 48. Ke2 Rxb3 49. axb3 Kd4 50. Rf5 Rg6 51. Kf1 e3 52. b4 Kd3 53. Rf7 e2+ 54. Ke1 Rxg2 55. Rf3+ Kc4 56. Rf4+ Kb5 57. Rh4 h5 58. Re4 Rh2 59. Kd2 Rg2 60. Ke1 Rg4 61. Rxe2 Kxb4 62. Re5 h4 63. Rh5 Rc4 64. Kd2 Rxc5 65. Rxh4+ Kb3 66. Rh3+ Kb2 67. Rh7 Rd5+ 68. Ke2 c5 69. Rb7+ Kc2 70. Rc7 Re5+ 71. Kf3 Kd3 72. Rd7+ Kc3 73. Kf4 Re8 74. Kf3 c4 75. Kf2 Kc2 76. Rd6 c3 77. Kf1 Kc1 78. Kf2 c2 79. Kf1 Rb8 0-1

[Event "Mittelrhein Verbandsliga-O 1112"]
[Site "Germany"]
[Date "2012.03.18"]
[Round "8"]
[White "Hackbusch, Thomas"]
[Black "Weisshuhn, Gunnar"]
[Result "1/2-1/2"]
[WhiteElo "1839"]
[BlackElo "1874"]
[PlyCount "76"]
[EventDate "2011.09.18"]
[EventType "team-tourn"]
[EventRounds "11"]
[EventCountry "GER"]
[SourceTitle "EXT 2013"]
[Source "ChessBase"]
[SourceDate "2012.11.22"]
[SourceVersion "1"]
[SourceVersionDate "2012.11.22"]
[SourceQuality "1"]
[WhiteTeam "Koeln Porz III"]
[BlackTeam "Euskirchen Turm"]
[WhiteTeamCountry "GER"]
[BlackTeamCountry "GER"]

1. d4 f5 2. c4 g6 3. Nc3 Nf6 4. g3 Bg7 5. Bg2 0-0 6. Nf3 d6 7. 0-0 c6 8. Qc2 Qc7 9. Rd1 e5 10. dxe5 dxe5 11. b3 Qa5 12. Bb2 Nbd7 13. a3 e4 14. Nd4 Ne5 15. b4 Qc7 16. Na4 b6 17. Qb3 c5 18. Nb5 Qe7 19. bxc5 bxc5 20. Nd6 Nfd7 21. Rab1 Rb8 22. Qa2 Ba6 23. Nb5 Qf7 24. Nd6 Qe6 25. Rbc1 Rfd8 26. Qa1 Bh6 27. Rc2 Nxc4 28. Nxc4 Bxc4 29. Rxd7 Qxd7 30. Rxc4 Qd1+ 31. Qxd1 Rxd1+ 32. Bf1 Bg7 33. Bxg7 Kxg7 34. Nc3 Rc1 35. Rxc5 Rb3 36. Nxe4 Rxf1+ 37. Kxf1 fxe4 38. Ra5 Rb7 1/2-1/2